[Event "DVM U20 2019"]
[Site "Braunschweig GER"]
[Date "2019.12.29"]
[Round "5"]
[White "Wendler, David"]
[Black "Melde, Benjamin"]
[Result "1-0"]
[Termination "normal"]
[Board "7.1"]
[WhiteElo "2204"]
[BlackElo "2120"]
[WhiteClock "00:27:02"]
[BlackClock "00:23:34"]
[WhiteTeam "SK Bebenhausen 1992"]
[BlackTeam "Schachklub Turm Kleve 1974 e. V."]
[PlyCount "91"]
[WhiteFideId "12938360"]
[BlackFideId "12958816"]
[EventCountry "GER"]
[EventRounds "7"]
[EventType "team-swiss"]
[EventDate "2019.12.26"]

1. e4 {[%clk 1:30:57]} c5 {[%clk 1:30:55]} 2. Nf3 {[%clk 1:31:09]} d6 {[%clk
1:26:41]} 3. d4 {[%clk 1:31:07]} Nf6 {[%clk 1:27:05]} 4. Nc3 {[%clk 1:31:14]}
cxd4 {[%clk 1:27:31]} 5. Nxd4 {[%clk 1:31:39]} g6 {[%clk 1:26:16]} 6. f3 {[%clk
1:29:01]} Bg7 {[%clk 1:26:35]} 7. Be3 {[%clk 1:29:05]} Nc6 {[%clk 1:26:55]} 8.
Qd2 {[%clk 1:29:17]} O-O {[%clk 1:27:17]} 9. O-O-O {[%clk 1:29:34]} d5 {[%clk
1:24:21]} 10. exd5 {[%clk 1:28:06]} Nxd5 {[%clk 1:24:48]} 11. Nxc6 {[%clk
1:28:07]} bxc6 {[%clk 1:25:17]} 12. Bd4 {[%clk 1:28:19]} e5 {[%clk 1:08:01]}
13. Bc5 {[%clk 1:28:35]} Be6 {[%clk 1:08:25]} 14. Ne4 {[%clk 1:28:34]} Nf4
{[%clk 1:07:49]} 15. Bxf8 {[%clk 1:11:32]} Qxf8 {[%clk 0:57:35]} 16. Qa5 {[%clk
1:11:12]} Bd5 {[%clk 0:38:24]} 17. c4 {[%clk 0:48:07]} Bxe4 {[%clk 0:35:44]}
18. fxe4 {[%clk 0:48:33]} Ne6 {[%clk 0:27:32]} 19. Bd3 {[%clk 0:47:22]} Rb8
{[%clk 0:20:33]} 20. Rhf1 {[%clk 0:39:11]} Bh6+ {[%clk 0:21:19]} 21. Kb1 {[%clk
0:38:56]} Be3 {[%clk 0:21:38]} 22. c5 {[%clk 0:31:54]} Qxc5 {[%clk 0:15:19]}
23. Qxc5 {[%clk 0:32:09]} Bxc5 {[%clk 0:15:48]} 24. Bc4 {[%clk 0:31:32]} Bd4
{[%clk 0:16:13]} 25. Bxe6 {[%clk 0:30:31]} fxe6 {[%clk 0:15:24]} 26. b3 {[%clk
0:30:36]} Kg7 {[%clk 0:13:04]} 27. Rc1 {[%clk 0:24:16]} c5 {[%clk 0:13:26]} 28.
Rc4 {[%clk 0:24:21]} Rb6 {[%clk 0:11:45]} 29. Rf3 {[%clk 0:20:30]} Rd6 {[%clk
0:12:10]} 30. Rc1 {[%clk 0:20:39]} Rd7 31. Rcf1 {[%clk 0:20:05]} Rb7 {[%clk
0:11:42]} 32. Kc2 {[%clk 0:19:18]} a5 {[%clk 0:12:02]} 33. Kd3 {[%clk 0:18:17]}
a4 {[%clk 0:11:16]} 34. Rb1 {[%clk 0:17:04]} Rb4 {[%clk 0:04:30]} 35. Kc2
{[%clk 0:16:02]} a3 {[%clk 0:03:54]} 36. g4 {[%clk 0:09:48]} Bb2 37. g5 {[%clk
0:10:12]} h6 {[%clk 0:01:12]} 38. h4 {[%clk 0:10:36]} hxg5 {[%clk 0:01:02]} 39.
hxg5 c4 40. Rbf1 {[%clk 0:08:28]} cxb3+ {[%clk 0:00:49]} 41. axb3 {[%clk
0:08:39]} Rb7 {[%clk 0:00:40]} 42. Kb1 {[%clk 0:05:55]} Rc7 {[%clk 0:26:29]}
43. Rh1 {[%clk 0:31:34]} Rc6 {[%clk 0:22:44]} 44. Rhf1 {[%clk 0:29:02]} Rc7
{[%clk 0:23:09]} 45. Ka2 {[%clk 0:27:52]} Rd7 {[%clk 0:23:34]} 46. b4 {[%clk
0:27:02]} *

[Event "DVM U20 2019"]
[Site "Braunschweig GER"]
[Date "2019.12.29"]
[Round "5"]
[White "Wiegersma, Justus"]
[Black "Waffenschmidt, Lars"]
[Result "0-1"]
[Termination "normal"]
[Board "7.2"]
[WhiteElo "1975"]
[BlackElo "1885"]
[WhiteClock "00:58:40"]
[BlackClock "00:19:03"]
[WhiteTeam "Schachklub Turm Kleve 1974 e. V."]
[BlackTeam "SK Bebenhausen 1992"]
[PlyCount "46"]
[WhiteFideId "16207866"]
[BlackFideId "16244656"]
[EventCountry "GER"]
[EventRounds "7"]
[EventType "team-swiss"]
[EventDate "2019.12.26"]

1. c4 {[%clk 1:30:32]} c5 {[%clk 1:30:15]} 2. g3 {[%clk 1:30:52]} Nc6 {[%clk
1:30:28]} 3. Bg2 {[%clk 1:31:10]} g6 {[%clk 1:30:38]} 4. Nc3 {[%clk 1:31:29]}
Bg7 {[%clk 1:30:46]} 5. a3 {[%clk 1:31:47]} b6 {[%clk 1:28:50]} 6. Rb1 {[%clk
1:28:47]} Bb7 {[%clk 1:28:42]} 7. b4 {[%clk 1:28:07]} d6 {[%clk 1:27:41]} 8. b5
{[%clk 1:10:05]} Na5 {[%clk 1:25:48]} 9. Bxb7 {[%clk 1:08:25]} Nxb7 {[%clk
1:26:10]} 10. Qb3 {[%clk 1:08:45]} Na5 {[%clk 0:58:41]} 11. Qa2 {[%clk
1:08:01]} Bxc3 {[%clk 0:52:34]} 12. dxc3 {[%clk 1:08:29]} Nf6 {[%clk 0:50:02]}
13. Nf3 {[%clk 1:04:59]} Qd7 {[%clk 0:42:34]} 14. O-O {[%clk 1:04:13]} Qe6
{[%clk 0:39:18]} 15. Bh6 {[%clk 1:03:11]} Ne4 {[%clk 0:37:35]} 16. Rbc1 {[%clk
1:02:30]} Nxc4 {[%clk 0:33:10]} 17. Rfd1 {[%clk 1:02:08]} O-O-O {[%clk
0:29:18]} 18. a4 {[%clk 1:01:38]} d5 {[%clk 0:27:25]} 19. a5 {[%clk 1:01:31]}
Nxa5 {[%clk 0:26:47]} 20. Nd2 {[%clk 1:00:25]} Rd7 {[%clk 0:21:42]} 21. Be3
{[%clk 0:59:42]} Nxd2 {[%clk 0:20:50]} 22. Bxd2 {[%clk 0:58:34]} Qxe2 {[%clk
0:19:08]} 23. Re1 {[%clk 0:58:40]} Qc4 {[%clk 0:19:03]} 0-1

[Event "DVM U20 2019"]
[Site "Braunschweig GER"]
[Date "2019.12.29"]
[Round "5"]
[White "Freiherr von Hauff, Christopher"]
[Black "Verfürth, Kevin"]
[Result "0-1"]
[Termination "normal"]
[Board "7.3"]
[WhiteElo "1868"]
[BlackElo "2038"]
[WhiteClock "00:01:29"]
[BlackClock "00:18:21"]
[WhiteTeam "SK Bebenhausen 1992"]
[BlackTeam "Schachklub Turm Kleve 1974 e. V."]
[PlyCount "98"]
[WhiteFideId "16200691"]
[BlackFideId "12954829"]
[EventCountry "GER"]
[EventRounds "7"]
[EventType "team-swiss"]
[EventDate "2019.12.26"]

1. e4 {[%clk 1:30:58]} c5 {[%clk 1:30:53]} 2. c3 {[%clk 1:31:20]} d5 {[%clk
1:31:03]} 3. exd5 {[%clk 1:31:40]} Qxd5 {[%clk 1:31:30]} 4. d4 {[%clk 1:31:47]}
e6 {[%clk 1:31:53]} 5. Nf3 {[%clk 1:30:44]} Nf6 {[%clk 1:32:15]} 6. Be3 {[%clk
1:28:32]} cxd4 {[%clk 1:30:41]} 7. cxd4 {[%clk 1:26:02]} Nc6 {[%clk 1:28:09]}
8. Nc3 {[%clk 1:25:36]} Qd8 {[%clk 1:27:21]} 9. Bd3 {[%clk 1:22:49]} Be7 {[%clk
1:25:43]} 10. O-O {[%clk 1:22:40]} O-O {[%clk 1:24:17]} 11. Rc1 {[%clk
1:20:19]} Nb4 {[%clk 1:22:04]} 12. Bb1 {[%clk 1:20:24]} Nbd5 {[%clk 1:21:51]}
13. Bg5 {[%clk 1:12:10]} Bd7 {[%clk 1:16:00]} 14. a3 {[%clk 1:06:47]} Nxc3
{[%clk 1:13:11]} 15. Rxc3 {[%clk 1:04:29]} Nd5 {[%clk 1:12:25]} 16. Bxe7 {[%clk
1:02:43]} Qxe7 {[%clk 1:12:43]} 17. Qd3 {[%clk 0:59:59]} g6 {[%clk 1:11:09]}
18. Rcc1 {[%clk 0:58:28]} a6 {[%clk 1:05:36]} 19. Rfe1 {[%clk 0:55:46]} Bb5
{[%clk 0:59:14]} 20. Qe4 {[%clk 0:54:40]} Rfd8 {[%clk 0:56:10]} 21. Ba2 {[%clk
0:52:41]} Qf6 {[%clk 0:54:07]} 22. Ne5 {[%clk 0:50:22]} Qf5 {[%clk 0:42:20]}
23. Qh4 {[%clk 0:39:16]} Qf4 {[%clk 0:31:41]} 24. Ng4 {[%clk 0:21:24]} h5
{[%clk 0:31:13]} 25. Bxd5 {[%clk 0:21:31]} Qxg4 {[%clk 0:31:12]} 26. Qxg4
{[%clk 0:20:47]} hxg4 {[%clk 0:31:40]} 27. Bxb7 {[%clk 0:20:06]} Rab8 {[%clk
0:26:50]} 28. Rc7 {[%clk 0:13:47]} Rxd4 {[%clk 0:26:34]} 29. Rec1 {[%clk
0:13:29]} Rbd8 {[%clk 0:25:54]} 30. Rc8 {[%clk 0:13:12]} Kg7 {[%clk 0:24:56]}
31. Rxd8 {[%clk 0:13:37]} Rxd8 {[%clk 0:25:19]} 32. g3 {[%clk 0:09:39]} Rd2
{[%clk 0:24:50]} 33. b4 {[%clk 0:08:43]} Ra2 {[%clk 0:24:44]} 34. Bc6 {[%clk
0:09:05]} Bxc6 {[%clk 0:24:31]} 35. Rxc6 {[%clk 0:09:31]} Rxa3 {[%clk 0:24:57]}
36. Kf1 {[%clk 0:08:25]} Ra2 {[%clk 0:23:57]} 37. Rc5 {[%clk 0:06:58]} Kf6
{[%clk 0:23:58]} 38. b5 {[%clk 0:06:02]} Ra5 {[%clk 0:23:17]} 39. Rc4 {[%clk
0:05:12]} axb5 {[%clk 0:23:44]} 40. Rxg4 {[%clk 0:05:30]} Ra4 {[%clk 0:24:08]}
41. f4 {[%clk 0:05:41]} Kg7 {[%clk 0:18:29]} 42. Rg5 {[%clk 0:02:38]} f5 {[%clk
0:18:26]} 43. h4 {[%clk 0:02:58]} b4 {[%clk 0:17:19]} 44. Ke2 {[%clk 0:02:37]}
b3 {[%clk 0:17:39]} 45. Kd2 {[%clk 0:01:50]} Rc4 {[%clk 0:17:48]} 46. Kd3
{[%clk 0:00:35]} Rc8 {[%clk 0:17:28]} 47. h5 {[%clk 0:00:53]} b2 {[%clk
0:17:47]} 48. Rxg6+ {[%clk 0:01:11]} Kf7 {[%clk 0:18:02]} 49. Rg5 {[%clk
0:01:29]} b1=Q+ {[%clk 0:18:21]} 0-1

[Event "DVM U20 2019"]
[Site "Braunschweig GER"]
[Date "2019.12.29"]
[Round "5"]
[White "Thomsen, Phil"]
[Black "Lutz, Ruben"]
[Result "0-1"]
[Termination "normal"]
[Board "8.1"]
[WhiteElo "2147"]
[BlackElo "2132"]
[WhiteClock "00:05:40"]
[BlackClock "00:03:43"]
[WhiteTeam "Sges Bensheim 1931"]
[BlackTeam "USV TU Dresden"]
[PlyCount "66"]
[WhiteFideId "12955736"]
[BlackFideId "12975974"]
[EventCountry "GER"]
[EventRounds "7"]
[EventType "team-swiss"]
[EventDate "2019.12.26"]

1. e4 {[%clk 1:30:56]} e6 {[%clk 1:30:53]} 2. d4 {[%clk 1:31:22]} d5 {[%clk
1:31:16]} 3. Nc3 {[%clk 1:31:12]} Nf6 {[%clk 1:31:35]} 4. e5 {[%clk 1:31:30]}
Nfd7 {[%clk 1:31:56]} 5. f4 {[%clk 1:31:55]} c5 {[%clk 1:32:15]} 6. Nf3 {[%clk
1:32:20]} Nc6 {[%clk 1:32:32]} 7. Be3 {[%clk 1:32:47]} Be7 {[%clk 1:32:46]} 8.
Qd2 {[%clk 1:32:32]} O-O {[%clk 1:32:55]} 9. Be2 {[%clk 1:32:08]} a6 {[%clk
1:27:34]} 10. O-O {[%clk 1:32:28]} b5 {[%clk 1:24:51]} 11. a3 {[%clk 1:27:58]}
Qc7 {[%clk 1:19:34]} 12. Nd1 {[%clk 1:24:01]} Na5 {[%clk 1:11:32]} 13. b3
{[%clk 1:18:53]} Bb7 {[%clk 1:09:38]} 14. Nf2 {[%clk 1:17:14]} Rac8 {[%clk
1:01:50]} 15. dxc5 {[%clk 1:09:26]} Bxc5 {[%clk 1:01:48]} 16. Bxc5 {[%clk
1:05:02]} Nxc5 {[%clk 1:02:13]} 17. Nd4 {[%clk 0:57:17]} Nc6 {[%clk 1:00:46]}
18. Rfd1 {[%clk 0:51:45]} Rfd8 {[%clk 0:59:24]} 19. Qe3 {[%clk 0:47:16]} Qb6
{[%clk 0:53:00]} 20. Nxc6 {[%clk 0:33:16]} Qxc6 {[%clk 0:50:49]} 21. Qd4 {[%clk
0:23:31]} Qc7 {[%clk 0:47:54]} 22. Rac1 {[%clk 0:21:04]} h6 {[%clk 0:25:52]}
23. Kf1 {[%clk 0:15:40]} Ne4 {[%clk 0:18:05]} 24. Nxe4 {[%clk 0:12:18]} dxe4
{[%clk 0:18:30]} 25. Qe3 {[%clk 0:12:34]} Rxd1+ {[%clk 0:18:16]} 26. Bxd1
{[%clk 0:12:56]} Qa5 {[%clk 0:18:07]} 27. b4 {[%clk 0:12:43]} Qc7 {[%clk
0:17:44]} 28. c3 {[%clk 0:12:07]} Qc4+ {[%clk 0:11:45]} 29. Qe2 {[%clk
0:12:19]} Qd5 {[%clk 0:10:04]} 30. Ke1 {[%clk 0:09:37]} e3 {[%clk 0:07:00]} 31.
a4 {[%clk 0:08:35]} Rd8 {[%clk 0:04:13]} 32. Rc2 {[%clk 0:06:43]} bxa4 {[%clk
0:04:29]} 33. Ra2 {[%clk 0:05:40]} Qe4 {[%clk 0:03:43]} 0-1

[Event "DVM U20 2019"]
[Site "Braunschweig GER"]
[Date "2019.12.29"]
[Round "5"]
[White "Richter, Philipp"]
[Black "Keller, Yannik"]
[Result "1-0"]
[Termination "normal"]
[Board "8.2"]
[WhiteElo "2084"]
[BlackElo "2020"]
[WhiteClock "00:32:42"]
[BlackClock "00:12:16"]
[WhiteTeam "USV TU Dresden"]
[BlackTeam "Sges Bensheim 1931"]
[PlyCount "37"]
[WhiteFideId "16219929"]
[BlackFideId "12970204"]
[EventCountry "GER"]
[EventRounds "7"]
[EventType "team-swiss"]
[EventDate "2019.12.26"]

1. d4 {[%clk 1:30:59]} g6 {[%clk 1:30:46]} 2. e4 {[%clk 1:31:16]} Bg7 {[%clk
1:31:04]} 3. Nf3 {[%clk 1:31:39]} d6 {[%clk 1:28:59]} 4. Bc4 {[%clk 1:32:00]}
Nf6 {[%clk 1:27:42]} 5. Qe2 {[%clk 1:32:20]} e5 {[%clk 1:16:42]} 6. dxe5 {[%clk
1:25:48]} dxe5 {[%clk 1:17:10]} 7. Nxe5 {[%clk 1:25:18]} O-O {[%clk 1:17:37]}
8. Nc3 {[%clk 1:21:18]} Qe7 {[%clk 1:06:15]} 9. f4 {[%clk 1:14:56]} c6 {[%clk
1:03:20]} 10. a4 {[%clk 1:12:10]} Be6 {[%clk 0:58:16]} 11. Bxe6 {[%clk
1:04:28]} Qxe6 {[%clk 0:58:42]} 12. O-O {[%clk 1:02:09]} Re8 {[%clk 0:57:09]}
13. Re1 {[%clk 0:56:18]} Na6 {[%clk 0:54:07]} 14. Nf3 {[%clk 0:54:23]} Nc5
{[%clk 0:49:46]} 15. Ng5 {[%clk 0:51:17]} Qd7 {[%clk 0:42:36]} 16. Qc4 {[%clk
0:50:23]} Nfxe4 {[%clk 0:24:28]} 17. Ngxe4 {[%clk 0:37:33]} b5 {[%clk 0:12:03]}
18. Qxc5 {[%clk 0:32:42]} Bd4+ {[%clk 0:12:16]} 19. Kf1 1-0

[Event "DVM U20 2019"]
[Site "Braunschweig GER"]
[Date "2019.12.29"]
[Round "5"]
[White "Hennemann, Florian"]
[Black "Schamschurko, André"]
[Result "1-0"]
[Termination "normal"]
[Board "8.3"]
[WhiteElo "1865"]
[BlackElo "1868"]
[WhiteClock "00:17:35"]
[BlackClock "00:05:37"]
[WhiteTeam "Sges Bensheim 1931"]
[BlackTeam "USV TU Dresden"]
[PlyCount "65"]
[WhiteFideId "16272692"]
[BlackFideId "24695670"]
[EventCountry "GER"]
[EventRounds "7"]
[EventType "team-swiss"]
[EventDate "2019.12.26"]

1. e4 {[%clk 1:30:59]} c5 {[%clk 1:30:46]} 2. Nf3 {[%clk 1:31:25]} Nc6 {[%clk
1:31:12]} 3. d4 {[%clk 1:31:47]} cxd4 {[%clk 1:31:38]} 4. Nxd4 {[%clk 1:32:14]}
e5 {[%clk 1:32:01]} 5. Nb5 {[%clk 1:32:01]} d6 {[%clk 1:32:23]} 6. N1c3 {[%clk
1:31:23]} a6 {[%clk 1:32:27]} 7. Na3 {[%clk 1:31:49]} b5 {[%clk 1:31:36]} 8.
Nd5 {[%clk 1:31:26]} Nge7 {[%clk 1:28:24]} 9. Bg5 {[%clk 1:23:00]} h6 {[%clk
1:28:49]} 10. Bh4 {[%clk 1:21:37]} Be6 {[%clk 1:20:18]} 11. c3 {[%clk 1:18:59]}
Bxd5 {[%clk 1:01:22]} 12. exd5 {[%clk 1:18:30]} Nb8 {[%clk 1:00:51]} 13. Bxe7
{[%clk 1:13:31]} Bxe7 {[%clk 1:00:03]} 14. Bd3 {[%clk 1:13:15]} O-O {[%clk
1:00:03]} 15. Qh5 {[%clk 1:10:34]} Nd7 {[%clk 0:57:11]} 16. Nc2 {[%clk
1:04:27]} Qe8 {[%clk 0:53:00]} 17. Ne3 {[%clk 1:00:53]} Nc5 {[%clk 0:47:59]}
18. Bc2 {[%clk 1:00:27]} Bg5 {[%clk 0:47:49]} 19. Nf5 {[%clk 0:58:34]} e4
{[%clk 0:44:04]} 20. h4 {[%clk 0:53:42]} Qe5 {[%clk 0:37:42]} 21. hxg5 {[%clk
0:47:57]} Qxf5 {[%clk 0:37:30]} 22. gxh6 {[%clk 0:47:52]} Qxh5 {[%clk 0:37:35]}
23. Rxh5 {[%clk 0:48:18]} g6 {[%clk 0:37:45]} 24. Rh4 {[%clk 0:45:17]} Rae8
{[%clk 0:33:31]} 25. Kd2 {[%clk 0:40:08]} Re5 {[%clk 0:32:22]} 26. b4 {[%clk
0:35:14]} Rxd5+ {[%clk 0:19:32]} 27. Ke3 {[%clk 0:33:01]} Na4 {[%clk 0:19:42]}
28. Bxa4 {[%clk 0:30:42]} bxa4 {[%clk 0:20:03]} 29. Rxe4 {[%clk 0:31:07]} Kh7
{[%clk 0:19:54]} 30. c4 {[%clk 0:30:20]} Rh5 {[%clk 0:16:38]} 31. Rd1 {[%clk
0:29:39]} Rb8 {[%clk 0:06:18]} 32. a3 {[%clk 0:17:35]} a5 {[%clk 0:05:37]} 33.
b5 1-0

[Event "DVM U20 2019"]
[Site "Braunschweig GER"]
[Date "2019.12.29"]
[Round "5"]
[White "Schubert, Bernhard"]
[Black "Kaiser, Frederic"]
[Result "0-1"]
[Termination "normal"]
[Board "8.4"]
[WhiteElo "1586"]
[BlackElo "1901"]
[WhiteClock "00:19:00"]
[BlackClock "00:25:00"]
[WhiteTeam "USV TU Dresden"]
[BlackTeam "Sges Bensheim 1931"]
[PlyCount "64"]
[WhiteFideId "16281713"]
[BlackFideId "16240618"]
[EventCountry "GER"]
[EventRounds "7"]
[EventType "team-swiss"]
[EventDate "2019.12.26"]

1. d4 Nf6 {[%clk 1:30:55]} 2. c4 {[%clk 1:31:23]} c5 {[%clk 1:31:21]} 3. Nf3
{[%clk 1:30:48]} cxd4 {[%clk 1:31:30]} 4. Nxd4 {[%clk 1:30:49]} g6 {[%clk
1:31:45]} 5. Nc3 {[%clk 1:30:37]} Bg7 {[%clk 1:31:41]} 6. e3 {[%clk 1:29:53]}
Nc6 {[%clk 1:29:17]} 7. Be2 {[%clk 1:27:46]} d6 {[%clk 1:25:25]} 8. O-O {[%clk
1:27:53]} O-O 9. b3 {[%clk 1:27:05]} a6 {[%clk 1:11:00]} 10. Bb2 {[%clk
1:25:15]} Bd7 {[%clk 1:09:57]} 11. Bf3 {[%clk 1:16:28]} Rb8 {[%clk 1:07:36]}
12. Ne4 {[%clk 1:13:27]} Ne5 {[%clk 1:05:43]} 13. Nxf6+ {[%clk 1:11:27]} Bxf6
{[%clk 1:05:52]} 14. Rb1 {[%clk 1:10:09]} Qc7 {[%clk 1:00:39]} 15. Be2 {[%clk
1:06:30]} Bc6 {[%clk 0:50:24]} 16. Nxc6 {[%clk 1:05:11]} bxc6 {[%clk 0:50:04]}
17. Qd2 {[%clk 0:57:58]} a5 {[%clk 0:46:19]} 18. Rfc1 {[%clk 0:51:14]} c5
{[%clk 0:43:31]} 19. f4 {[%clk 0:47:27]} Nd7 {[%clk 0:43:01]} 20. Bg4 {[%clk
0:46:59]} Bxb2 {[%clk 0:38:10]} 21. Rxb2 {[%clk 0:46:01]} Ra8 {[%clk 0:36:21]}
22. e4 {[%clk 0:38:52]} Nb8 {[%clk 0:35:37]} 23. f5 {[%clk 0:36:25]} Nc6 {[%clk
0:27:43]} 24. fxg6 {[%clk 0:36:02]} fxg6 {[%clk 0:28:11]} 25. Be6+ {[%clk
0:35:13]} Kg7 {[%clk 0:28:05]} 26. Bd5 {[%clk 0:33:50]} Ra7 {[%clk 0:27:45]}
27. Rc3 {[%clk 0:31:27]} Nd4 {[%clk 0:26:39]} 28. e5 {[%clk 0:25:14]} dxe5
{[%clk 0:25:58]} 29. Rh3 {[%clk 0:23:58]} e6 {[%clk 0:25:35]} 30. Qh6+ {[%clk
0:23:13]} Kg8 {[%clk 0:25:58]} 31. Be4 {[%clk 0:20:41]} Qf7 {[%clk 0:25:28]}
32. Bd3 {[%clk 0:19:00]} e4 {[%clk 0:25:00]} 0-1

[Event "DVM U20 2019"]
[Site "Braunschweig GER"]
[Date "2019.12.29"]
[Round "5"]
[White "Simrock, Manuel"]
[Black "Meyer, Julian"]
[Result "0-1"]
[Termination "normal"]
[Board "8.5"]
[WhiteElo "1211"]
[BlackElo "1664"]
[WhiteClock "01:21:37"]
[BlackClock "00:20:38"]
[WhiteTeam "Sges Bensheim 1931"]
[BlackTeam "USV TU Dresden"]
[PlyCount "106"]
[WhiteFideId "16274814"]
[BlackFideId "16298608"]
[EventCountry "GER"]
[EventRounds "7"]
[EventType "team-swiss"]
[EventDate "2019.12.26"]

1. e4 {[%clk 1:30:55]} c6 {[%clk 1:31:25]} 2. d4 {[%clk 1:31:22]} d5 {[%clk
1:31:50]} 3. Nc3 {[%clk 1:31:46]} dxe4 {[%clk 1:32:16]} 4. Nxe4 {[%clk
1:32:13]} Bf5 {[%clk 1:32:41]} 5. Ng3 {[%clk 1:32:35]} Bg6 {[%clk 1:32:32]} 6.
Nf3 {[%clk 1:32:57]} Nd7 {[%clk 1:30:32]} 7. h4 {[%clk 1:33:22]} h6 {[%clk
1:30:58]} 8. h5 {[%clk 1:33:49]} Bh7 {[%clk 1:31:04]} 9. Bd3 {[%clk 1:34:11]}
Bxd3 {[%clk 1:31:29]} 10. Qxd3 {[%clk 1:34:22]} Ngf6 {[%clk 1:30:34]} 11. Be3
{[%clk 1:34:15]} Qc7 {[%clk 1:28:14]} 12. c4 {[%clk 1:32:18]} e6 {[%clk
1:21:58]} 13. O-O-O {[%clk 1:26:05]} Bd6 {[%clk 1:21:41]} 14. Ne2 {[%clk
1:21:16]} Qa5 {[%clk 1:18:19]} 15. Kb1 {[%clk 1:11:47]} c5 {[%clk 1:14:44]} 16.
g4 {[%clk 1:00:52]} cxd4 {[%clk 1:14:18]} 17. Bxd4 {[%clk 1:00:34]} Be7 {[%clk
1:14:03]} 18. g5 {[%clk 1:00:52]} hxg5 {[%clk 1:13:02]} 19. Ng3 O-O-O {[%clk
0:39:00]} 20. Qe3 {[%clk 1:12:18]} Ng4 {[%clk 0:32:23]} 21. Qe4 {[%clk
1:12:25]} Ndf6 {[%clk 0:28:01]} 22. Qe2 {[%clk 1:09:11]} Bc5 {[%clk 0:26:20]}
23. Rd3 {[%clk 1:03:22]} Bxd4 {[%clk 0:24:34]} 24. Nxd4 {[%clk 1:02:31]} Qe5
{[%clk 0:21:49]} 25. Qxe5 {[%clk 0:48:23]} Nxe5 {[%clk 0:22:10]} 26. Rd2 {[%clk
0:48:02]} Nc6 {[%clk 0:16:34]} 27. Rhd1 {[%clk 0:48:02]} Nxd4 {[%clk 0:16:30]}
28. Rxd4 {[%clk 0:48:28]} Rxd4 {[%clk 0:16:30]} 29. Rxd4 {[%clk 0:48:54]} Nxh5
{[%clk 0:16:51]} 30. Ne4 {[%clk 0:49:19]} Rd8 {[%clk 0:10:53]} 31. Rxd8+ {[%clk
0:47:53]} Kxd8 {[%clk 0:11:18]} 32. Nxg5 {[%clk 0:48:18]} Ke7 {[%clk 0:11:45]}
33. Kc2 {[%clk 0:48:42]} Kf6 {[%clk 0:10:16]} 34. Nf3 {[%clk 0:48:28]} a6
{[%clk 0:10:04]} 35. c5 {[%clk 0:48:35]} g5 {[%clk 0:09:07]} 36. Kd3 {[%clk
0:48:50]} g4 {[%clk 0:08:27]} 37. Nd4 {[%clk 0:48:54]} Ke5 {[%clk 0:07:12]} 38.
b4 {[%clk 0:48:50]} Nf4+ {[%clk 0:07:20]} 39. Kc4 {[%clk 0:48:31]} Nh3 {[%clk
0:07:11]} 40. a4 {[%clk 0:48:30]} Nxf2 {[%clk 0:06:52]} 41. b5 {[%clk 0:48:52]}
axb5+ {[%clk 0:29:21]} 42. axb5 {[%clk 1:19:12]} Ne4 {[%clk 0:29:24]} 43. Nc6+
{[%clk 1:18:54]} Kf4 {[%clk 0:28:17]} 44. Nd4 Ke3 {[%clk 0:21:36]} 45. c6
{[%clk 1:18:53]} bxc6 {[%clk 0:21:47]} 46. bxc6 {[%clk 1:19:13]} Nd6+ {[%clk
0:22:00]} 47. Kc5 {[%clk 1:19:38]} Nc8 {[%clk 0:22:23]} 48. Nb5 {[%clk
1:19:45]} g3 {[%clk 0:22:36]} 49. Nd6 {[%clk 1:20:09]} g2 {[%clk 0:22:27]} 50.
Nxc8 {[%clk 1:20:35]} g1=Q {[%clk 0:22:51]} 51. Ne7 {[%clk 1:20:51]} Ke4+
{[%clk 0:20:43]} 52. Kd6 {[%clk 1:21:11]} Qd1+ {[%clk 0:20:56]} 53. Kc7 {[%clk
1:21:37]} f5 {[%clk 0:20:38]} 0-1